000 00452nam a22001817a 4500
003 NUST - PNEC
005 20170116180907.0
008 150902b xxu||||| |||| 00| 0 eng d
020 _a0070622426
040 _cLIBRARY
082 _a620.106 STR
100 _96746
_aStreeter, Victor L.
245 _aFluid Mechanics
_cVictor L. Streeter
250 _a8th ed.
260 _cc.1985
650 _96750
_aMechanical Engineering
_xME
942 _2ddc
_cBK
999 _c65136
_d65136